[Event "USA-ch Gr-A"]
[Site "Salt Lake City"]
[Date "1999.08.26"]
[Round "4"]
[White "Fedorowicz, John P"]
[Black "Gulko, Boris F"]
[Result "0-1"]
[WhiteElo "2565"]
[BlackElo "2618"]
[Annotator "Tsesarsky,I"]
[PlyCount "88"]
[EventDate "1999.08.05"]
[EventType "tourn"]
[EventRounds "7"]
[EventCountry "USA"]
[EventCategory "13"]
[SourceTitle "CBM 073"]
[Source "ChessBase"]
[SourceDate "1999.12.01"]
[SourceVersion "1"]
[SourceVersionDate "1999.12.01"]
[SourceQuality "1"]

1. e4 c5 2. Nf3 Nc6 3. d4 cxd4 4. Nxd4 Nf6 5. Nc3 d6 6. Bc4 Qb6 7. Nb3 e6 8.
Bg5 a6 (8... Ne5 9. Bb5+ (9. Be2 Be7 10. Be3 (10. f4 Ng6 11. Qd2 O-O (11... h6
12. Bxf6 Bxf6 13. g3 O-O 14. O-O-O Rd8 15. h4 a5 16. h5 Nf8 17. Nd4 a4 18. a3
Bd7 19. Rhg1 $132 {0-1 Kiulaots,A-Lugovoi,A/URS-chJ Jurmala 1992 (39)}) 12. h4
Rd8 13. h5 Nf8 14. g4 d5 15. Bxf6 Bxf6 16. e5 Be7 17. O-O-O $14 (17. Nb5 Bd7
18. a4 (18. N5d4 Ba4 19. c3 Rac8 $132) 18... Bxb5 19. axb5 $11 {1/2-1/2
Dukaczewski,P-Ehrenfeucht,W/POL tt Mikolajki ,EXT 1991 (21)})) 10... Qc7 11. f4
Nc4 (11... Ned7 12. g4 Nb6 13. g5 Nfd7 14. Qd4 (14. Qd2 $14) 14... e5 (14...
O-O 15. O-O-O $14) 15. Qd2 a6 (15... exf4 16. Bxf4 Ne5 17. O-O-O a6 18. h4 $14)
16. f5 $14 {1-0 Schneider,L-Jonsson,H/SM 1994 (45)}) 12. Nb5 Qc6 13. Bxc4 Qxc4
14. Qd3 Qc6 15. O-O-O (15. N3d4 Qd7 16. c4 O-O 17. O-O b6 18. Rae1 Bb7 19. Bc1
a6 20. Nc3 Rac8 21. b3 d5 $1 $11 {0-1 Brodsky,M-Ehrenfeucht,W/Warsaw 1993 (61)}
) 15... O-O 16. Nc3 Qc7 17. Rhg1 a6 18. g4 b5 19. g5 Nd7 20. Qd4 Rd8 $132 {
1-0 Ioseliani,N-Terescenco Nutu,D/Havana 1985 (51)}) 9... Nfd7 (9... Bd7 10.
Bxf6 Bxb5 11. Bxe5 dxe5 12. Nxb5 Qxb5 13. Qe2 Qa4 14. O-O Be7 15. Rfd1 (15.
Rad1 O-O 16. Nc1 Rfd8 17. c3 b5 18. b3 Qa5 19. Qc2 $11 {1/2-1/2 Justin,
M-Tukmakov Vladimir B/Bled Slovenia 1995 (50)}) 15... O-O 16. c3 Rad8 17. Qc2
g6 18. a3 f5 $11 {0-1 Lukin,A-Oll,L/St Petersburg 1993 (39)}) 10. Qe2 a6 11.
Bxd7+ Bxd7 12. f4 h6 13. Bh4 Ng6 14. Bg3 Be7 15. O-O-O Qc7 16. f5 Ne5 17. fxe6
Bxe6 18. Nd5 Bxd5 19. Rxd5 O-O 20. Kb1 Nc6 21. Rhd1 Rad8 22. a3 $14 {[%csl Rd6]
1-0 Istratescu,A-Gronn Alte/WchJ Mamaia ROM 1991 (42)}) (8... Be7 {-Theory}) (
8... Bd7 {-Theory}) 9. Bxf6 (9. Qe2 Qc7 (9... Be7 10. O-O-O (10. O-O O-O 11.
Kh1 Qc7 12. f4 b5 13. Bd3 Bb7 14. a4 b4 15. Nd1 $132 {1/2-1/2 Kovacevic,
A-Cabrilo,G/Nis ,EXT 1993 (44)}) 10... Qc7 11. f4 b5 12. Bxb5 axb5 13. Nxb5 Qb8
14. e5 Ba6 (14... dxe5 15. fxe5 Nxe5 $19) 15. exf6 gxf6 16. Nxd6+ Qxd6 17. Rxd6
Bxe2 18. Rxc6 fxg5 $19 {0-1 Formanek,E-Weinstein,N/Lone 1976 (33)}) (9... Bd7
10. f4 Qc7 11. Bd3 Be7 12. O-O-O b5 13. Rhe1 O-O 14. e5 dxe5 15. fxe5 Nd5 16.
Bxe7 Ncxe7 17. Nxd5 exd5 18. Nd4 Rae8 19. e6 fxe6 20. Nxe6 Bxe6 21. Qxe6+ Kh8
22. g3 $16 {1-0 Hayoun,L-Lecuyer,C/Val Maubuee ,EXT 1990 (30)}) 10. O-O-O b5
11. Bd3 Be7 12. f4 b4 13. Nb1 e5 14. f5 Bb7 15. N1d2 O-O 16. Bc4 a5 17. Nf3 a4
18. Nbd2 Rfc8 19. Nb1 Na5 $17 {0-1 Friis,B-Bergenser,P/Copenhagen 1975 (32)})
9... gxf6 10. Be2 $146 (10. Qh5 $1 {This move puts before black serious
openning problems. For instant:} Bd7 (10... Ne5 11. Be2 Bd7 12. f4 Ng6 13. Rf1
(13. g3 $14) 13... O-O-O 14. g3 Be7 15. O-O-O Kb8 16. Rf3 $16 {1-0 Meszaros,
A-Stajcic,N/Balatonfuzfo 1993 (53)}) (10... Nd4 11. Nxd4 (11. O-O-O Nxb3+ 12.
Bxb3 Qc5 (12... Qxf2 13. Rhf1 Qe3+ 14. Kb1 Be7 15. h4 (15. g3 Bd7 16. Rd3 Qg5
$17) 15... Bd7 16. g4 Qc5 17. g5 $132) 13. Qe2 Bd7 14. f4 O-O-O 15. Rd3 Kb8 16.
Rhd1 Be7 17. Rd4 h5 18. Kb1 $16 {1-0 Meszaros,A-Rezsek,G/Zalakaros ,EXT 1993 
(41)}) 11... Qxd4 12. Bb3 Qe5 13. Qe2 $14) 11. O-O (11. Rf1 Ne5 12. Be2 O-O-O
13. O-O-O Be7 14. f4 Ng6 15. Kb1 Kb8 16. g3 $16 {1/2-1/2 Anka,E-Gonzalez,G/
Budapest 1993 (30)}) 11... Rc8 (11... Nd4 12. Rad1 Nxc2 13. a3 Rc8 14. Qe2 a5
15. Nd5 exd5 16. exd5+ Kd8 17. Qxc2 a4 18. Qc3 Be7 19. Nd4 Rg8 20. Rfe1 $16 {
1-0 Sutovsky-Shrentzel,I/Tel Aviv 1993 (34)}) (11... Be7 12. Kh1 Ne5 13. Be2
O-O-O 14. f4 Ng6 15. a4 Kb8 16. a5 Qc7 17. Bd3 $14 (17. Nd4 Qc5 18. Rfd1 Rc8
19. Qxc5 Rxc5 20. Nb3 $11 {1/2-1/2 Aboudi,M-Frhat,A/Cairo EGY 1999 (20)})) 12.
Kh1 Nd4 13. Bd3 Nxb3 14. axb3 Qc5 15. Qh3 h5 16. f4 h4 17. f5 Be7 18. Rf4 Qe5
19. Rxh4 Rxh4 20. Qxh4 $16 {1/2-1/2 Fedorov,V-Kozlov Vladimir N/Erevan Trade
Unions tt ch 1983 (28)}) 10... Bd7 11. O-O Be7 12. Kh1 h5 13. f4 $14 h4 (13...
Na5 14. Nxa5 (14. Bxh5 Nc4 $132 {[%csl Rb2,Re3]}) 14... Qxa5 15. f5 Qe5 16.
Bxh5 Bd8 (16... exf5 17. exf5 Bxf5 18. Re1 Bxc2 19. Rxe5 Bxd1 20. Rxe7+ Kxe7
21. Bxd1 $16) 17. Qg4 Ba5 18. Ne2 (18. Bxf7+ Kxf7 19. Qg6+ Kf8 $19 {[%csl Rh2]}
) 18... exf5 19. exf5 Qxb2 20. Qe4+ Qe5 21. Qxb7 {[%csl Ra8,Rf7]} Rd8 22. Ng3
$16) 14. Qd2 (14. f5 $6 Ne5 $1 15. Rb1 {[%cal Gb3d4]} (15. fxe6 fxe6 16. Bh5+
Kd8 $132) 15... Qe3 $132) 14... Na5 (14... Rg8 15. Qe1 $14) 15. Nxa5 Qxa5 16.
Rab1 Rc8 (16... Rg8 17. b4 Qb6 18. b5 a5 19. Na4 Qd8 20. c4 $14) 17. Bf3 $6
$132 (17. b4 Qc7 18. Rb3 $14 {[%csl Yc2,Re8][%cal Ge2d3]}) 17... Qc5 (17... Bc6
$6 18. b4 $14) 18. h3 b5 19. Rfc1 (19. a3 $132) 19... f5 $6 $14 {Vainly black
weaken a site of the king} 20. exf5 Qxf5 21. Bg4 (21. Be4 Qc5 22. a3 (22. Bb7
Rc7 23. Bxa6 Qb6 $17) 22... d5 $15) (21. Bb7 Bc6 22. Bxc6+ (22. Bxc8 Qxh3+ 23.
Kg1 Rg8 $19) 22... Rxc6 23. a4 bxa4 24. Ra1 Rc4 25. Rxa4 Rxa4 26. Nxa4 $132)
21... Qg6 22. f5 $6 $132 {Prematurely} (22. Re1 {[%cal Gf4f5]} f5 (22... Rg8
23. f5 exf5 24. Bf3 $14 {[%csl Re8]}) 23. Bf3 Kf7 24. Re3 $14) 22... exf5 23.
Bf3 O-O $1 24. Nd5 $6 $15 (24. Re1 Bg5 25. Qf2 $44) 24... Bg5 25. Qd3 (25. Qf2
Rfe8 26. Rf1 $15) 25... Rfe8 26. Rf1 Re5 (26... Bc6 27. c3 $15) 27. Nb6 Rd8 28.
Nxd7 Rxd7 29. Bd5 (29. Rbd1 $15 {[%cal Gc2c3]}) 29... Rde7 30. Rbd1 Be3 31. c4
$2 $17 (31. c3 $15 {[%csl Rd6][%cal Gd5f3,Gb2b4]}) 31... b4 32. Bf3 (32. a3 a5
33. axb4 axb4 34. Ra1 Bc5 35. Qf3 $17) 32... Bc5 33. Qd2 (33. Bd5 Qg3 34. Bf3
a5 35. b3 $17) 33... Kg7 34. Qf4 Qg3 $1 $19 35. Qxg3+ (35. Qd2 Be3 36. Qe1 Qxe1
(36... Bf4 37. Qxg3+ hxg3 38. Rxd6 $132) 37. Rdxe1 Ra5 $19) 35... hxg3 {
[%csl Rh1]} 36. b3 Kg6 37. Rb1 Kg5 38. Rbc1 Re3 39. Rcd1 {White in zugzwang} a5
40. Rb1 Rd3 41. Rb2 Ree3 42. Be2 Rd4 43. Bf3 Red3 44. Rfb1 Rd2 (44... Rd2 45.
Rxd2 Rxd2 46. Ra1 Bd4 47. Rd1 Rf2 48. Bd5 Kf6 49. Bf3 Be5 $19 {[%csl Ra2]}) 0-1

[Event "St Petersburg White Nights"]
[Site "St Petersburg"]
[Date "1999.07.03"]
[Round "8"]
[White "Solovjov, Sergey"]
[Black "Lukin, Andrei M"]
[Result "1/2-1/2"]
[WhiteElo "2447"]
[BlackElo "2440"]
[Annotator "Tsesarsky,I"]
[PlyCount "81"]
[EventDate "1999.06.26"]
[EventType "tourn"]
[EventRounds "9"]
[EventCountry "RUS"]
[EventCategory "8"]
[SourceTitle "CBM 072"]
[Source "ChessBase"]
[SourceDate "1999.10.01"]
[SourceVersion "1"]
[SourceVersionDate "1999.10.01"]
[SourceQuality "1"]

1. e4 c5 2. Nf3 d6 3. d4 cxd4 4. Nxd4 Nf6 5. Nc3 Nc6 6. Bc4 Bd7 7. Bb3 g6 8. f3
Nxd4 9. Qxd4 Bg7 10. Be3 O-O 11. Qd2 b5 12. Bh6 {This archive variation is not
useful for White - the opponent has no problem in this openning.} (12. a4 bxa4
(12... b4 13. Ne2 a5 14. h4 (14. O-O Be6 15. Bxe6 fxe6 $11 {1/2-1/2 Minic,
D-Stein,L/URS-YUG 1969 (19)}) 14... Be6 15. Bxe6 fxe6 16. Nd4 Qd7 17. Qd3 $11 {
1-0 Kovacs,L-Szilagyi/Budapest city ch 1968 (35)}) 13. Nxa4 Bxa4 (13... Qc7 14.
O-O Rfc8 15. Ra2 Be6 16. Bxe6 fxe6 17. b3 $14 {1/2-1/2 Bouaziz,S-Sarapu,O/
Sousse Interzonal 1967 (21)}) 14. Rxa4 Nd7 15. Ra2 a5 16. O-O Qc7 17. Rfa1 Nc5
18. Rxa5 Rxa5 19. Qxa5 Qxa5 20. Rxa5 Bxb2 21. Bxc5 (21. Ra7 e6 $132) 21... dxc5
22. Kf1 Rc8 23. Bc4 {1/2-1/2 Minic,D-Bronstein,D/Belgrade 1964 (23)}) (12.
O-O-O a5 13. Nd5 a4 14. Nxf6+ Bxf6 15. Bd5 a3 16. Bxa8 (16. b4 $132) 16...
axb2+ 17. Kb1 Qxa8 18. Qb4 Be6 19. a3 Rc8 20. Bd4 Rc4 21. Qxb2 $132 {1-0 Jocha,
A-Szilagyi,G/Budapest 1966 (30) (Jocha A = Adorjan Andras)}) (12. g4 b4 13. Ne2
a5 14. a4 bxa3 15. Rxa3 a4 16. Ba2 Qb8 17. c3 Bb5 18. Nf4 $132 {0-1 Canda,
D-Estevez,G/Managua Nicaragua 1988 (40)}) (12. h4 b4 13. Nd5 Nxd5 14. Bxd5 Bxb2
15. Bd4 (15. Bxa8 Bxa1 $19 {[%csl Ra8,Rd2,Re1][%cal Ga1c3]}) 15... Bxd4 (15...
Bxa1 $2 16. Bxa1 Rc8 (16... Qa5 $4 17. h5 $1 $18 (17. Kf2 $4 Rac8 $17 {1-0
Tochtrup,L-Elite 68020/Duisburg 1990 (31)})) 17. h5 e6 18. Qh6 f6 19. hxg6 Qe7
20. Bb3 a5 21. a4 bxa3 22. gxh7+ Kh8 $15) 16. Qxd4 Rc8 17. h5 g5 18. h6 e5 19.
Qd2 Kh8 $17) 12... a5 (12... Bxh6 13. Qxh6 a5 14. Nd5 (14. a4 bxa4 15. Nxa4 Qb8
(15... Bxa4 16. Rxa4 Qb6 17. h4 (17. Qd2 $11) 17... Qc5 18. Qd2 (18. Qg5 $11)
18... Rfb8 19. Qd4 Nd7 (19... Qxd4 20. Rxd4 a4 21. Rxa4 Rxa4 22. Bxa4 Rxb2 23.
Kd2 Ra2 $11) 20. Kd2 $11 {1-0 Rennemo,O-Schmidt,G/cr ch-EU 1972 (65)}) 16. O-O
$11 (16. Qe3 $2 Qb4+ 17. Kf2 Be6 18. Bxe6 fxe6 19. Kg3 d5 20. c3 Qb8+ 21. e5 (
21. Kh3 dxe4 22. Rhf1 (22. fxe4 Qe5 $19) 22... e5 23. g3 exf3 24. Rxf3 Qc8+ 25.
Kg2 Qc6 $17) 21... Nd7 22. h4 $1 (22. f4 $2 g5 23. fxg5 (23. Rhf1 Rf5 24. fxg5
Rxe5 25. Qf4 Rxg5+ 26. Kh3 Rh5+ 27. Kg3 Ne5 $1 $19) 23... Rf5 24. Kh3 Qe8 25.
g4 Rxe5 26. Qf4 Re4 $17) 22... Nxe5 (22... Qxe5+ 23. Qxe5 Nxe5 24. Rhe1 Rf5 25.
Nc5 Kf7 26. b4 Nc4 $11) 23. f4 Nc4 24. Qxe6+ Kh8 (24... Rf7 25. Kh3 Ra6 $5 26.
Qxd5 (26. Qxa6 Rf6 27. Qxf6 exf6 28. g3 Ne3 $15) 26... Ne3 27. Qe4 Qxf4 28.
Qxf4 Rxf4 29. Nc5 $132) 25. Kh3 Rxf4 $2 $11 (25... Qxf4 $1 26. Rhe1 (26. Qxd5
Rad8 $17) 26... Rf5 (26... g5 $1 27. hxg5 (27. g3 Qf3 28. Rf1 (28. hxg5 Rf7 29.
b3 Qh5+ 30. Kg2 Raf8 31. Ra2 Qf3+ 32. Kh2 Nd6 $17) 28... g4+ 29. Kh2 (29. Qxg4
Qxg4+ 30. Kxg4 Ne3+ $19) 29... Qe3 30. Rxf8+ Rxf8 31. Qxg4 Qf2+ 32. Kh1 Ne3 $19
) 27... Qxg5 28. Qg4 Qxg4+ 29. Kxg4 Rg8+ 30. Kh3 (30. Kf3 Raf8+ $19) 30... Ra6
31. g4 Rh6+ 32. Kg3 Rhg6 33. Rxe7 Rxg4+ $17) 27. g3 Qf3 28. Qxe7 $11) 26. Rhe1
Rf5 (26... Nxb2 27. Nxb2 Qxb2 28. Qe5+ Rf6 29. Rab1 Qa3 30. Rb7 Rc8 31. Qxe7
Qxe7 32. Rexe7 $11) 27. Qxe7 $11 {1/2-1/2 Kupreichik,V-Stein,L/Sochi 1970 (39)}
)) 14... e6 15. Nxf6+ Qxf6 16. c3 b4 $15) 13. a3 $2 $17 {White don't feel a
danger.} (13. Bxg7 Kxg7 14. a3 $11) 13... Bxh6 14. Qxh6 a4 15. Ba2 b4 $1 {
Maybe this move was missed by White?} 16. Nd5 (16. axb4 Rb8 (16... Qb6 $5 17.
b5 (17. Bd5 Qxb4 18. Bxa8 Qxb2 19. Kd2 (19. O-O Qxc3 20. Bd5 Nxd5 21. exd5 Qd4+
22. Kh1 Qxd5 $17) 19... Qb6 (19... Rc8 20. Qe3 $18) 20. Bd5 Qd4+ 21. Kc1 Qxc3
22. Rb1 Nxd5 23. exd5 Rc8 24. Qd2 Qa3+ 25. Kd1 Bf5 26. Rc1 Rc3 $17) (17. Qd2 $1
Qxb4 18. Nd1 Rfb8 19. c3 Qc5 20. Qf2 $15) 17... Bxb5 18. Nd5 Nxd5 19. Bxd5 Bc6
20. Bxc6 Qxb2 $1 21. O-O Qb6+ $19) 17. b5 Bxb5 18. Nd5 Nxd5 19. Bxd5 Bd7 20. b3
Qc7 21. Qd2 Rfc8 $15) 16... Nxd5 17. Bxd5 Rc8 (17... Rb8 18. axb4 Rxb4 19. Qc1
Qb6 20. b3 axb3 21. Bxb3 $15) 18. Qd2 e6 19. Ba2 bxa3 20. b4 $2 $19 (20. bxa3
Qh4+ (20... Qf6 21. O-O Qb2 $17) 21. g3 Qf6 22. O-O Qb2 23. Qb4 Rxc2 24. Qxb2
Rxb2 25. Rfd1 Rb6 $17) 20... Bb5 (20... axb3 21. Bxb3 Ra8 22. Qxd6 Qa5+ 23. Qd2
Qc5 $17) 21. Rc1 (21. c3 Qh4+ 22. Kd1 d5 23. exd5 (23. e5 Rfd8 24. Re1 d4 $19 (
24... Qxh2 $19)) 23... Rfd8 24. Re1 exd5 25. h3 Qf6 26. Qd4 Qxd4+ 27. cxd4 Rc3
$19) 21... Qh4+ 22. Kd1 d5 23. exd5 exd5 24. c3 (24. g3 Qf6 25. f4 Rfe8 $19)
24... Rfe8 (24... Rfe8 $19) 25. Re1 Bc4 (25... Rxe1+ 26. Qxe1 Qxh2 (26... Qxe1+
27. Kxe1 Re8+ 28. Kd1 Re3 $17) 27. Qd2 d4 $19) 26. Rxe8+ Rxe8 27. g3 Qf6 28.
Bxc4 dxc4 29. Qf4 Qe6 (29... Qb6 $19) 30. Kc2 Qe2+ 31. Qd2 Qxf3 (31... a2 $19)
32. Kb1 h5 (32... Re2 33. Qd8+ Kg7 34. Qd4+ f6 35. Qd7+ Kh6 36. Qh3+ Qh5 37.
Qxh5+ Kxh5 38. Rc2 $132) (32... Qd3+ 33. Qxd3 cxd3 34. Ka2 d2 35. Rd1 Rc8 36.
Kxa3 Rxc3+ 37. Kxa4 $11) 33. Rc2 Qf1+ (33... Qd3 34. Ka2 Re3 35. Kxa3 Qxd2 36.
Rxd2 Rxc3+ 37. Kxa4 $44) 34. Ka2 Re1 35. Kxa3 Rd1 36. Qf4 Ra1+ 37. Ra2 Qb1 $4
$11 (37... Qd1 38. Qxc4 Rb1 39. Rb2 Qc1 $19) 38. Qxc4 Qc1+ 39. Kxa4 Qc2+ 40.
Ka3 Qc1+ (40... Rxa2+ 41. Qxa2 Qxc3+ 42. Ka4 Qc6+ $11) 41. Ka4 1/2-1/2

[Event "EU-Cup 21st"]
[Site "Saint Vincent"]
[Date "2005.09.23"]
[Round "6.6"]
[White "Colovic, Aleksandar"]
[Black "Tyomkin, Dimitri"]
[Result "1/2-1/2"]
[WhiteElo "2460"]
[BlackElo "2467"]
[Annotator "Tyomkin,D"]
[PlyCount "61"]
[EventDate "2005.09.18"]
[EventType "team-swiss"]
[EventRounds "7"]
[EventCountry "ITA"]
[SourceTitle "CBM 110"]
[Source "ChessBase"]
[SourceDate "2006.01.31"]
[SourceVersion "1"]
[SourceVersionDate "2006.01.31"]
[SourceQuality "1"]
[WhiteTeam "Skopje"]
[BlackTeam "Ashdod"]
[WhiteTeamCountry "MKD"]
[BlackTeamCountry "ISR"]

1. e4 c5 2. Nc3 Nc6 3. Nge2 d6 4. d4 cxd4 5. Nxd4 Nf6 6. Bc4 Qb6 7. Nxc6 bxc6
8. O-O g6 9. Qe1 $1 {I have no doubt that this move is stronger than any other
move in this position, including moves like 9.Qe2 and 9.e5; I even tried it
once with the white pieces and got a nice advantage out of the opening.
Aleksandar had never played the 6.Bc4 variation with white, so this line was a
direct preparation for the game.} Qc5 10. b3 Bg7 11. Bb2 $1 (11. Na4 Qh5 12. f3
{is definitely worse than the 11.Bb2 line;}) 11... O-O 12. Na4 Qh5 13. f4 Qh6
$6 $146 {[%cal Gf6h5,Gf6g4] An opening experiment, but not a good one.
Actually, this "creative" move doesn't help black to resolve his opening
problems, and only creates new ones. During the game, I simply forgot that
after 14.exd5 cxd5 15.Bd3 black has the 15.Bd7! move;} (13... Ng4 $145 $6 {
Tyomkin} 14. h3 Bxb2 15. Nxb2 Qc5+ 16. Kh1 Nf6 (16... Ne3 $6 17. Na4 Qd4 18. c3
Qxe4 19. Rf3 $16) 17. e5 dxe5 (17... Nd5 18. Na4 Qa3 19. exd6 Qxd6 20. Rd1 $14)
18. Nd3 (18. Na4 Qa3 19. fxe5 Nd5 $14) (18. fxe5 $5 Nd5 19. Nd3 $14) 18... Qb6
19. Qxe5 Re8 20. Nc5 Nd5 21. Na4 Qb8 22. Rae1 $14 {Tyomkin-Gerzhoy, Isr-ch 
(team), 2005;}) (13... Bd7 14. h3 $14 {Areshchenko,A}) (13... d5 14. Bxf6 (14.
Bd3 $145 dxe4 15. Bxe4 Nxe4 (15... Bg4 16. h3 Be2 17. Bxc6 Bxf1 18. Bxa8 Rxa8
19. Qxf1 Rd8 $14) 16. Bxg7 Kxg7 17. Qxe4 $14 {Areshchenko,A}) (14. exd5 cxd5
15. Bd3 Bd7 $15) (14. Be2 $5 Bg4 15. Bxg4 Nxg4 16. h3 $14) 14... exf6 15. exd5
cxd5 16. Bd3 f5 17. Rd1 Bb7 18. Qf2 Bc6 {1/2-1/2 Karjakin,S-Miroshnichenko,E/
Simferopol 2003/CBM 097 [Gofshtein]}) 14. Rd1 $14 Bg4 $1 {One more inaccuracy
and black will be in a real trouble.} (14... Ng4 15. h3 Bxb2 16. Nxb2 Nf6 17.
e5 $16) (14... Nh5 15. Qh4 $1 Bxb2 16. Nxb2 Qg7 17. Nd3 $16) 15. Be2 (15. Rd3
Rad8 16. h3 Bc8 17. e5 $14) 15... Bxe2 16. Qxe2 Qh5 {Hoping to escape in a
worse ending.} 17. Qxh5 gxh5 {The pawn chain is collapsed this way, but black
gets the g4-outpost for his N and the g-file for future counterplay.} (17...
Nxh5 18. e5 {[%csl Rh5]} dxe5 19. fxe5 g5 (19... Bh6 20. Rd7 $16) 20. Rd7 Nf4
21. Rxe7 Rfe8 22. Rd7 $16) 18. Rfe1 Ng4 19. Bxg7 Kxg7 20. h3 Nh6 {After 20...
Nf6 21.e5 white opens the central files for his rooks;} (20... Nf6 21. e5 Nd5
22. exd6 exd6 23. c4 Nxf4 24. Rd4 $1 Ne6 25. Rxd6 $16) 21. c4 Rad8 22. c5 Ng8
$1 {Time to bring the N back!} 23. cxd6 {All simplifications are to black's
favor. Perhaps, white should have taken care on his knight instead.} (23. Nb2
Nf6 24. cxd6 exd6 25. e5 Nd5 26. Nc4 dxe5 27. fxe5 $16) 23... exd6 24. e5 $6 {
The white pawn e4 is as week as d6, but anyhow white should have tried to put
some pressure on the d6 pawn.} (24. Rd4 $142 Rfe8 25. Red1 Nf6 26. Nc3 {
[%cal Gb3b4,Gg1f2,Gf2f3]}) 24... dxe5 25. Rxd8 (25. fxe5 Rfe8 (25... Rxd1 26.
Rxd1 Re8 27. Rd7 Re7 28. Rd6 Rxe5 29. Rxc6 Nf6 30. Ra6 Re1+ 31. Kh2 h4 32. Nc3
(32. Rxa7 $2 Nh5 {[%cal Gh5g3]}) 32... Nh5 33. Ra4 $1 $16) 26. Rxd8 Rxd8 27.
Nc5 Rd5 28. b4 a5 $14) 25... Rxd8 26. Rxe5 Nf6 {Within 3 moves only, black has
got two active pieces instead of three passive...} 27. Rg5+ Kf8 28. Rf5 (28.
Ra5 Rd1+ 29. Kh2 h4 30. Nc5 Rd5 31. b4 Nh5 32. Rxa7 Nxf4 {and black should
escape here;}) 28... Rd1+ 29. Kf2 Nd5 30. Rxh5 Rd2+ 31. Kf3 (31. Kf3 Kg7 32.
Rg5+ Kf6 33. Rg8 Rxa2 {black is definitely safe here with such active pieces;})
1/2-1/2